Polacy w top 5 lig UEFA - Statystyki

Ogólne statystyki
  • Ten quiz został rozwiązany 103 razy
  • Średni wynik to 13 z 24
Statystyki odpowiedzi
Odpowiedź % Poprawnych
Robert Lewandowski
98%
Wojciech Szczęsny
97%
Piotr Zieliński
94%
Nicola Zalewski
90%
Jan Bednarek
84%
Jakub Kamiński
78%
Jakub Kiwior
77%
Marcin Bułka
77%
Matty Cash
73%
Łukasz Skorupski
70%
Kamil Grabara
65%
Łukasz Fabiański
65%
Paweł Dawidowicz
51%
Karol Linetty
50%
Kacper Urbański
47%
Sebastian Walukiewicz
47%
Radosław Majecki
40%
Robert Gumny
35%
Szymon Żurkowski
35%
Łukasz Stolarczyk
22%
Adrian Benedyczak
21%
Adam Dźwigała
10%
Filip Marchwiński
9%
Mateusz Kowalski
8%
Nie znaleziono quizów pasujących do podanych kryteriów
Rozkład punktacji
Procent ludzi z każdym wynikiem
Percentyl według liczby udzielonych odpowiedzi
Twoja historia wyników
Nie rozwiązałeś tego quizu